Normal view
MARC view
Entry Personal Name
001 - CONTROL NUMBER
- control field: 27029
003 - CONTROL NUMBER IDENTIFIER
- control field: ARRUPE
005 - DATE AND TIME OF LATEST TRANSACTION
- control field: 20161027110307.0
008 - FIXED-LENGTH DATA ELEMENTS
- fixed length control field: 161027|| aca||aabn | a|a d
040 ## - CATALOGING SOURCE
- Original cataloging agency: ARRUPE
- Transcribing agency: ARRUPE
100 ## - HEADING--PERSONAL NAME
- Personal name: Glover, Edward
670 ## - SOURCE DATA FOUND
- Source citation: Work cat.: (ARRUPE)51071: Glover, Edward, Freud or Jung